| 000 | 01393nam a2200349 a 4500 | ||
|---|---|---|---|
| 001 | 000114698 | ||
| 003 | CHAP | ||
| 005 | 20220329144453.0 | ||
| 008 | 180322s2017 mx sm |||||||spa d | ||
| 010 | _a111159 | ||
| 011 | _a112131 | ||
| 040 | _cCHAP | ||
| 090 | _aTesis | ||
| 100 | 1 |
_aEspinosa Corredor, Dámaris Jocelyn _9134957 |
|
| 245 | 1 | 0 |
_aEstudio de factibilidad técnico-economico para el establecimiento de una empacadora de tuna (opuntia spp.) en el municipío de Axapusco, Edo. de México _h[En línea] _cpor Dámaris Jocelyn Espinosa Corredor y Tania Rodríguez Ramírez. |
| 260 |
_aChapingo, Méx. : _bEl autor, _c2017. |
||
| 500 | _aPara ver el contenido del material haga clic en la liga | ||
| 502 | _aTesis (Ing. Agroindustrial ) -- UACH. Departamento de Ingeniería Agroindustrial | ||
| 590 |
_aE11695DGD _b10 _c20180322 _lUCH01 _h0929 |
||
| 590 |
_aE6339RRR _b05 _c20180322 _lUCH01 _h0849 |
||
| 590 |
_aE6339RRR _b05 _c20180322 _lUCH01 _h0849 |
||
| 590 |
_aE6339RRR _b05 _c20180322 _lUCH01 _h0851 |
||
| 650 | 1 | 4 |
_aEmpacadoras _xAspectos socioeconómicos. _9130092 |
| 650 | 1 | 4 |
_aEmpacadoras _xEvaluación. _9127888 |
| 650 | 1 | 4 |
_aTuna _xEmpaque. _9115550 |
| 650 | 1 | 4 |
_aTuna _xMercadeo. _9115559 |
| 700 | 1 |
_aRodríguez Ramírez, Tania _9134958 |
|
| 856 |
_aFinding aid _uhttp://10.13.5.2/tesis/sist114698.pdf _zTeclea aquí |
||
| 901 | _aBK | ||
| 942 | _cLIBRO | ||
| 942 | _n0 | ||
| 999 |
_c111159 _d111159 |
||